| 000 | 00362nam a2200133Ia 4500 | ||
|---|---|---|---|
| 008 | 230917s9999||||xx |||||||||||||| ||und|| | ||
| 040 |
_e183860 _aMAIN |
||
| 041 | _aEnglish | ||
| 082 | _a34:365 B73P | ||
| 100 | _aBrham, Kaur | ||
| 245 | 0 | _aPrison system in India with special reference to the working of Rohtak District Prison | |
| 300 | _a143 p. | ||
| 942 | _cTH | ||
| 999 |
_c79467 _d79467 |
||